Antwerp Airport Destinations - Statistics

General Stats
  • This quiz has been taken 66 times
  • The average score is 8 of 15
Answer Stats
Country City % Correct
United Kindgom London
93%
Croatia Split
80%
Spain Alicante
65%
Austria Innsbruck
65%
Spain Málaga
65%
Turkey Antalya
61%
Spain Palma de Mallorca
61%
Greece Heraklion
59%
Spain Ibiza
57%
Morocco Tangier
52%
Spain Tenerife
50%
Spain Gran Canaria
39%
Spain Murcia
37%
Morocco Nador
30%
Italy Bolzano
15%
No matching quizzes found
Score Distribution
Percent of People with Each Score
Percentile by Number Answered
Your Score History
You have not taken this quiz